Seguridad en la Industria de la Construcción : (Record no. 8803)

MARC details
000 -LEADER
campo de control de longitud fija 00402nam a2200133Ia 4500
005 - FECHA Y HORA DE LA ÚLTIMA TRANSACCIÓN
campo de control 20260328101455.0
008 - DATOS DE LONGITUD FIJA--INFORMACIÓN GENERAL
campo de control de longitud fija 260328s9999||||xx |||||||||||||| ||und||
100 ## - ENTRADA PRINCIPAL--NOMBRE DE PERSONA
Nombre de persona Gobierno de Panamá
245 #0 - MENCIÓN DEL TÍTULO
Título Seguridad en la Industria de la Construcción :
Resto del título decreto Ejecutivo N° 15 /
Mención de responsabilidad, etc. Gobierno de Panamá
260 ## - PUBLICACIÓN, DISTRIBUCIÓN, ETC.
Nombre del editor, distribuidor, etc. Cultural Portobelo
300 ## - DESCRIPCIÓN FÍSICA
Extensión 52 p.
650 ## - PUNTO DE ACCESO ADICIONAL DE MATERIA--TÉRMINO DE MATERIA
Término de materia o nombre geográfico como elemento de entrada LEYES Y REGLAMENTACIONES
942 ## - ELEMENTOS DE ENTRADA SECUNDARIOS (KOHA)
Tipo de ítem Koha Libros
Holdings
Estatus retirado Estado de pérdida Estado de daño No para préstamo Colección Biblioteca de origen Biblioteca actual Ubicación en estantería Fecha de adquisición Número de inventario Total de préstamos Signatura topográfica completa Código de barras Visto por última vez Copia número Precio de reemplazo Tipo de ítem Koha
        General Biblioteca Gonzalo Peláez Caldas Biblioteca Gonzalo Peláez Caldas Colección general 28/03/2026 2600   690.67 P 191 2600 28/03/2026 1 28/03/2026 Libros